[Event "HUN-chT2 Barcza 1819"]
[Site "Hungary"]
[Date "2019.02.24"]
[Round "8.7"]
[White "Bodnar, Mate"]
[Black "Uzonyi, David"]
[Result "0-1"]
[WhiteElo "1835"]
[BlackElo "2050"]
[PlyCount "48"]
[EventDate "2018.09.23"]
[EventType "team-tourn"]
[EventRounds "11"]
[EventCountry "HUN"]
[SourceTitle "CBM 189 Extra"]
[Source "ChessBase"]
[SourceDate "2019.06.03"]
[SourceVersion "1"]
[SourceVersionDate "2019.06.03"]
[SourceQuality "1"]
[WhiteTeam "Debrecen Sakkbaratok"]
[BlackTeam "Hajduboszormeny"]
[WhiteTeamCountry "HUN"]
[BlackTeamCountry "HUN"]

1. e4 c5 2. Na3 e6 3. f4 d5 4. e5 Ne7 5. c3 Nf5 6. Nf3 h5 7. Bd3 Nh6 8. Ng5 Ng4 9. Nf3 c4 10. Bb1 Bc5 11. d4 cxd3 12. Qxd3 Bd7 13. Nd4 Nc6 14. h3 Nh6 15. Nac2 Qb6 16. Nxc6 Bxc6 17. Nd4 Rc8 18. Qg3 Bxd4 19. cxd4 Qxd4 20. Bd2 Bb5 21. Bc3 Qc4 22. Kf2 Qe2+ 23. Kg1 Qf1+ 24. Kh2 Ng4+ 0-1

[Event "HUN-chT2 Barcza 1819"]
[Site "Hungary"]
[Date "2019.02.10"]
[Round "7.8"]
[White "Visloczki, Jozsef"]
[Black "Uzonyi, David"]
[Result "0-1"]
[WhiteElo "1959"]
[BlackElo "2050"]
[PlyCount "60"]
[EventDate "2018.09.23"]
[EventType "team-tourn"]
[EventRounds "11"]
[EventCountry "HUN"]
[SourceTitle "CBM 189 Extra"]
[Source "ChessBase"]
[SourceDate "2019.06.03"]
[SourceVersion "1"]
[SourceVersionDate "2019.06.03"]
[SourceQuality "1"]
[WhiteTeam "Nyiregyhaza"]
[BlackTeam "Hajduboszormeny"]
[WhiteTeamCountry "HUN"]
[BlackTeamCountry "HUN"]

1. e4 c5 2. Nf3 Nf6 3. e5 Nd5 4. c4 Nb4 5. a3 N4c6 6. d3 g6 7. Bd2 Bg7 8. Bc3 Qc7 9. Qe2 0-0 10. Qe3 d6 11. exd6 exd6 12. Bxg7 Kxg7 13. Be2 Bg4 14. Nbd2 Nd7 15. h3 Rfe8 16. Qf4 Bxf3 17. Nxf3 Re7 18. Kf1 Rae8 19. Ng1 Nd4 20. Re1 Ne5 21. Qd2 Nec6 22. h4 Nb3 23. Qc3+ Ncd4 24. Rh3 d5 25. Re3 Rxe3 26. fxe3 Rxe3 27. Nf3 Qf4 28. Bd1 Nd2+ 29. Kf2 Rxe1 30. Kxe1 Qe3+ 0-1

[Event "HUN-chT2 Barcza 1819"]
[Site "Hungary"]
[Date "2018.10.07"]
[Round "2.9"]
[White "Uzonyi, David"]
[Black "Molnar, Janos2222"]
[Result "1-0"]
[WhiteElo "2050"]
[BlackElo "1918"]
[PlyCount "51"]
[EventDate "2018.09.23"]
[EventType "team-tourn"]
[EventRounds "11"]
[EventCountry "HUN"]
[SourceTitle "CBM 189 Extra"]
[Source "ChessBase"]
[SourceDate "2019.06.03"]
[SourceVersion "1"]
[SourceVersionDate "2019.06.03"]
[SourceQuality "1"]
[WhiteTeam "Hajduboszormeny"]
[BlackTeam "Tiszavasvar"]
[WhiteTeamCountry "HUN"]
[BlackTeamCountry "HUN"]

1. e4 g6 2. d4 Bg7 3. Nc3 d6 4. Be3 Nf6 5. f3 0-0 6. Qd2 c6 7. 0-0-0 Qa5 8. Kb1 Re8 9. g4 e5 10. h4 h5 11. gxh5 Nxh5 12. Bh3 Nd7 13. Bxd7 Bxd7 14. Nge2 b5 15. Nc1 Be6 16. Rdg1 Kh7 17. f4 exd4 18. Bxd4 Bh6 19. Be3 b4 20. N3e2 Bc4 21. Ng3 Nxg3 22. Rxg3 Rxe4 23. h5 Re6 24. hxg6+ Rxg6 25. Rxg6 fxg6 26. f5 1-0

[Event "HUN-chT2 Barcza 1718"]
[Site "Hungary"]
[Date "2017.12.17"]
[Round "6.9"]
[White "Uzonyi, David"]
[Black "Gorbe, Szabolcs"]
[Result "1-0"]
[WhiteElo "2040"]
[BlackElo "1886"]
[PlyCount "87"]
[EventDate "2017.09.24"]
[EventType "team-tourn"]
[EventRounds "11"]
[EventCountry "HUN"]
[SourceTitle "EXT 2021"]
[Source "ChessBase"]
[SourceDate "2020.10.23"]
[SourceVersion "1"]
[SourceVersionDate "2020.10.23"]
[SourceQuality "1"]
[WhiteTeam "Hajduboszormeny"]
[BlackTeam "Nyiregyhaza SISE"]
[WhiteTeamCountry "HUN"]
[BlackTeamCountry "HUN"]

1. e4 e5 2. d4 exd4 3. Qxd4 Nc6 4. Qe3 Nf6 5. Nc3 d6 6. Bd2 Be7 7. 0-0-0 0-0 8. f4 Bd7 9. h3 Re8 10. g4 Bf8 11. Qf3 Nd4 12. Qd3 c5 13. Nge2 Nxe4 14. Nxe4 Rxe4 15. Qxe4 Bc6 16. Qd3 Bxh1 17. Nxd4 cxd4 18. Qxd4 Bf3 19. Re1 Qc7 20. Bd3 Qc5 21. Bxh7+ Kxh7 22. Qd3+ Kg8 23. Qxf3 Rc8 24. Qd3 b5 25. f5 Qc4 26. Qxc4 bxc4 27. Bc3 f6 28. Re6 Kf7 29. Bb4 Rd8 30. Kd2 Rd7 31. Kc3 d5 32. Bxf8 Kxf8 33. Kd4 Rb7 34. b3 cxb3 35. axb3 Rc7 36. c3 a5 37. Ra6 Rb7 38. Rxa5 Rxb3 39. Rxd5 Rb1 40. Kc5 Rh1 41. Rd3 g6 42. Kd6 gxf5 43. gxf5 Kf7 44. c4 1-0

[Event "HUN-chT2 Barcza 1718"]
[Site "Hungary"]
[Date "2017.10.29"]
[Round "3.7"]
[White "Szakaly, Balazs"]
[Black "Uzonyi, David"]
[Result "1-0"]
[WhiteElo "2050"]
[BlackElo "2035"]
[PlyCount "113"]
[EventDate "2017.09.24"]
[EventType "team-tourn"]
[EventRounds "11"]
[EventCountry "HUN"]
[SourceTitle "EXT 2021"]
[Source "ChessBase"]
[SourceDate "2020.10.23"]
[SourceVersion "1"]
[SourceVersionDate "2020.10.23"]
[SourceQuality "1"]
[WhiteTeam "Bajnok Sakkiskola"]
[BlackTeam "Hajduboszormeny"]
[WhiteTeamCountry "HUN"]
[BlackTeamCountry "HUN"]

1. e4 c5 2. Nf3 e6 3. d4 cxd4 4. Nxd4 a6 5. Bd3 Qc7 6. Qe2 Nc6 7. Nxc6 bxc6 8. e5 d5 9. exd6 Bxd6 10. h3 Nf6 11. c4 0-0 12. Nc3 Qa5 13. 0-0 Qe5 14. Qxe5 Bxe5 15. Ne2 a5 16. f4 Bc7 17. Be3 Ba6 18. b3 Nd5 19. Bc5 Rfd8 20. Rad1 Nb4 21. Bb1 Nd5 22. Rd2 Nf6 23. Rfd1 Rxd2 24. Rxd2 a4 25. g3 axb3 26. axb3 Bc8 27. Kg2 Ra1 28. Bc2 Nd7 29. Bd4 Ra3 30. Bb2 Ra6 31. b4 c5 32. b5 Rd6 33. Rxd6 Bxd6 34. Nc3 Nb6 35. Bd3 f5 36. Kf2 Kf7 37. Ne2 h6 38. Ng1 g5 39. fxg5 hxg5 40. Nf3 Kg6 41. Ne5+ Bxe5 42. Bxe5 Nd7 43. Bc7 e5 44. Bc2 Kf6 45. Bd8+ Ke6 46. Bxg5 Nb6 47. Bb3 e4 48. h4 Nd7 49. Bf4 Nf6 50. Bd1 Bb7 51. Ke3 Bc8 52. h5 Nh7 53. g4 Nf6 54. g5 Ng4+ 55. Bxg4 fxg4 56. Kxe4 Bb7+ 57. Ke3 1-0

[Event "HUN-chT2 Barcza 1617"]
[Site "Hungary"]
[Date "2016.11.27"]
[Round "5.9"]
[White "Pap, Kristof"]
[Black "Uzonyi, David"]
[Result "1/2-1/2"]
[WhiteElo "1762"]
[BlackElo "2021"]
[PlyCount "41"]
[EventDate "2016.09.25"]
[EventType "team-tourn"]
[EventRounds "11"]
[EventCountry "HUN"]
[SourceTitle "EXT 2021"]
[Source "ChessBase"]
[SourceDate "2020.10.23"]
[SourceVersion "1"]
[SourceVersionDate "2020.10.23"]
[SourceQuality "1"]
[WhiteTeam "Mezokovesd"]
[BlackTeam "Hajduboszormeny"]
[WhiteTeamCountry "HUN"]
[BlackTeamCountry "HUN"]

1. e4 c5 2. Nf3 Nf6 3. Nc3 Nc6 4. d4 d5 5. exd5 Nxd5 6. Bc4 Nb6 7. Bb5 cxd4 8. Nxd4 Bd7 9. Be3 e6 10. Bxc6 Bxc6 11. Nxc6 Qxd1+ 12. Rxd1 bxc6 13. Ke2 Nd5 14. Nxd5 cxd5 15. Rd3 Be7 16. Bd4 0-0 17. h4 Rfc8 18. Kd2 Bc5 19. Bxc5 Rxc5 20. Rc3 Rxc3 21. Kxc3 1/2-1/2

[Event "HUN-chT2 Barcza 1516"]
[Site "Hungary"]
[Date "2016.02.28"]
[Round "8.9"]
[White "Uzonyi, David"]
[Black "Bai, Attila"]
[Result "0-1"]
[WhiteElo "2048"]
[BlackElo "2237"]
[PlyCount "64"]
[EventDate "2015.09.13"]
[EventType "team-tourn"]
[EventRounds "11"]
[EventCountry "HUN"]
[SourceTitle "EXT 2017"]
[Source "ChessBase"]
[SourceDate "2016.10.25"]
[SourceVersion "1"]
[SourceVersionDate "2016.10.25"]
[SourceQuality "1"]
[WhiteTeam "Hajduboszormeny"]
[BlackTeam "Kwizda Sakkiskola"]
[WhiteTeamCountry "HUN"]
[BlackTeamCountry "HUN"]

1. e4 c5 2. Nf3 Nc6 3. c3 Nf6 4. e5 Nd5 5. d4 cxd4 6. cxd4 d6 7. exd6 e6 8. Nc3 Qxd6 9. Bd3 Be7 10. 0-0 h6 11. Re1 0-0 12. Bb1 Rd8 13. Ne4 Qc7 14. a3 Bf8 15. Nh4 g6 16. Qd3 Bg7 17. Be3 Nde7 18. Qc2 Nf5 19. Nf3 Qb6 20. Ba2 Ncxd4 21. Nxd4 Nxd4 22. Qc1 Qc6 23. Nc3 Nf5 24. Qc2 Nxe3 25. Rxe3 b6 26. Qe2 Bb7 27. Rg3 Rd4 28. Re1 Rad8 29. h3 Rd2 30. Qg4 Qc5 31. Bxe6 Qxf2+ 32. Kh2 Qxe1 0-1

[Event "HUN-chT2 Maroczy 1415"]
[Site "Hungary"]
[Date "2015.02.08"]
[Round "6"]
[White "Valyi, Blanka Borbala"]
[Black "Uzonyi, David"]
[Result "1/2-1/2"]
[WhiteElo "1882"]
[BlackElo "2085"]
[PlyCount "68"]
[EventDate "2014.10.12"]
[EventType "team-tourn"]
[EventRounds "9"]
[EventCountry "HUN"]
[SourceTitle "EXT 2016"]
[Source "ChessBase"]
[SourceDate "2015.10.08"]
[SourceVersion "1"]
[SourceVersionDate "2015.10.08"]
[SourceQuality "1"]
[WhiteTeam "Maroczy"]
[BlackTeam "Hajduboszormeny"]
[WhiteTeamCountry "HUN"]
[BlackTeamCountry "HUN"]

1. d4 d5 2. Nf3 Nf6 3. g3 c5 4. Bg2 e6 5. 0-0 Nc6 6. c4 cxd4 7. Nxd4 Qb6 8. Nxc6 bxc6 9. cxd5 cxd5 10. Nc3 Bb4 11. Na4 Qc6 12. a3 Bd6 13. Bg5 Ba6 14. Rc1 Qb5 15. Nc3 Qd7 16. Re1 Rc8 17. Bxf6 gxf6 18. e4 d4 19. Qxd4 Be5 20. Qxd7+ Kxd7 21. Red1+ Ke7 22. f4 Bxc3 23. bxc3 Rhd8 24. Rxd8 Rxd8 25. Bf1 Bxf1 26. Rxf1 Rd3 27. Rb1 Rxc3 28. Rb7+ Kf8 29. Rxa7 Rc2 30. a4 Rc4 31. a5 Rxe4 32. a6 Ra4 33. Ra8+ Kg7 34. a7 Ra2 1/2-1/2

[Event "HUN-chT2 Maroczy 1415"]
[Site "Hungary"]
[Date "2014.12.14"]
[Round "4"]
[White "Lovas, Zsolt"]
[Black "Uzonyi, David"]
[Result "0-1"]
[WhiteElo "2069"]
[BlackElo "2085"]
[PlyCount "64"]
[EventDate "2014.10.12"]
[EventType "team-tourn"]
[EventRounds "9"]
[EventCountry "HUN"]
[SourceTitle "EXT 2016"]
[Source "ChessBase"]
[SourceDate "2015.10.08"]
[SourceVersion "1"]
[SourceVersionDate "2015.10.08"]
[SourceQuality "1"]
[WhiteTeam "Penzugyor II"]
[BlackTeam "Hajduboszormeny"]
[WhiteTeamCountry "HUN"]
[BlackTeamCountry "HUN"]

1. e4 c5 2. c3 e5 3. Nf3 Nc6 4. d4 cxd4 5. cxd4 exd4 6. Nxd4 Nf6 7. Nc3 Nxe4 8. Nxe4 Qe7 9. Bd3 Qb4+ 10. Nc3 Nxd4 11. 0-0 Bd6 12. Re1+ Ne6 13. Ne4 Be7 14. Bd2 Qb6 15. Bc3 0-0 16. Qh5 f5 17. Nd2 g6 18. Qf3 Qc6 19. Qd1 b5 20. Nf3 Bc5 21. Bd2 Bb7 22. b4 Bd4 23. Rc1 Qd5 24. Bh6 Rfc8 25. Qe2 Bc3 26. Bxb5 Bxe1 27. Rxc8+ Rxc8 28. Nxe1 f4 29. f3 Qd4+ 30. Kf1 Rc1 31. Bd3 Qc3 32. a3 Rxe1+ 0-1

[Event "HUN-chT2 Maroczy 1415"]
[Site "Hungary"]
[Date "2014.11.30"]
[Round "3"]
[White "Fodor, Balazs"]
[Black "Uzonyi, David"]
[Result "1/2-1/2"]
[WhiteElo "1893"]
[BlackElo "2085"]
[PlyCount "70"]
[EventDate "2014.10.12"]
[EventType "team-tourn"]
[EventRounds "9"]
[EventCountry "HUN"]
[SourceTitle "EXT 2016"]
[Source "ChessBase"]
[SourceDate "2015.10.08"]
[SourceVersion "1"]
[SourceVersionDate "2015.10.08"]
[SourceQuality "1"]
[WhiteTeam "Magyar Sakkvilag"]
[BlackTeam "Hajduboszormeny"]
[WhiteTeamCountry "HUN"]
[BlackTeamCountry "HUN"]

1. d4 f5 2. c4 e6 3. Nc3 Nf6 4. g3 Bb4 5. Bg2 0-0 6. Nf3 Bxc3+ 7. bxc3 Ne4 8. Qc2 b6 9. Nd2 d5 10. cxd5 exd5 11. Nf3 Nd7 12. Bf4 Ba6 13. Ne5 Nxe5 14. Bxe5 Qd7 15. 0-0 Rae8 16. Rfe1 Re6 17. f3 Nd6 18. e4 fxe4 19. fxe4 dxe4 20. Bh3 Bd3 21. Qb3 Bc4 22. Qc2 Bd3 23. Qb3 Nc4 24. Rxe4 Bxe4 25. Qxc4 Bd5 26. Bxe6+ Qxe6 27. Qxc7 Qg6 28. a3 h5 29. Rf1 Rxf1+ 30. Kxf1 Qd3+ 31. Ke1 Qe3+ 32. Kf1 Qc1+ 33. Ke2 Qc2+ 34. Ke3 Qc1+ 35. Ke2 Qc2+ 1/2-1/2

[Event "Puspokladany Arnoth Memorial 07th"]
[Site "Puspokladany"]
[Date "2014.07.20"]
[Round "8"]
[White "Uzonyi, David"]
[Black "Egri, Laszlo Jr"]
[Result "0-1"]
[WhiteElo "2073"]
[BlackElo "2138"]
[PlyCount "63"]
[EventDate "2014.07.16"]
[EventType "swiss"]
[EventRounds "9"]
[EventCountry "HUN"]
[SourceTitle "EXT 2016"]
[Source "ChessBase"]
[SourceDate "2015.10.08"]
[SourceVersion "1"]
[SourceVersionDate "2015.10.08"]
[SourceQuality "1"]

1. e4 d6 2. d4 Nf6 3. Nc3 e5 4. dxe5 dxe5 5. Qxd8+ Kxd8 6. Bc4 Ke8 7. Nf3 Bd6 8. h3 a6 9. a4 b6 10. 0-0 Bb7 11. Re1 Nbd7 12. Bd2 Nc5 13. Ng5 Rf8 14. b4 Ncd7 15. Nd5 h6 16. Nf3 Nxd5 17. exd5 Ke7 18. Bc3 Kf6 19. Re3 g5 20. Rae1 Rae8 21. g3 Re7 22. Nh2 Kg7 23. f4 f6 24. f5 Rfe8 25. Nf3 b5 26. axb5 axb5 27. Bxb5 Bxd5 28. Rd1 Bb7 29. Nd2 c6 30. Ne4 Bb8 31. Red3 cxb5 32. Nd6 0-1

[Event "HUN-chT2 Barcza 1112 "]
[Site "Hungary"]
[Date "2012.03.25"]
[Round "8"]
[White "Benyei, Antal"]
[Black "Uzonyi, David"]
[Result "0-1"]
[WhiteElo "1974"]
[BlackElo "2035"]
[PlyCount "68"]
[EventDate "2011.09.25"]
[EventType "team-tourn"]
[EventRounds "11"]
[EventCountry "HUN"]
[SourceTitle "EXT 2013"]
[Source "ChessBase"]
[SourceDate "2012.11.22"]
[SourceVersion "1"]
[SourceVersionDate "2012.11.22"]
[SourceQuality "1"]
[WhiteTeam "DEAC"]
[BlackTeam "Hajduboszormeny"]
[WhiteTeamCountry "HUN"]
[BlackTeamCountry "HUN"]

1. e4 c5 2. Nf3 Nf6 3. e5 Nd5 4. c4 Nc7 5. d4 cxd4 6. Nxd4 Nc6 7. Nxc6 bxc6 8. g3 g6 9. Bg2 Bg7 10. Qe2 Ne6 11. 0-0 Ba6 12. f4 Nd4 13. Qd3 Nf5 14. Rd1 h5 15. Nc3 Qb6+ 16. Kh1 0-0-0 17. c5 Qb7 18. Qe4 h4 19. g4 h3 20. Bf1 Bxf1 21. Rxf1 Nh6 22. g5 Nf5 23. Qc4 d5 24. Qa4 d4 25. Ne4 d3 26. Qb3 Qd7 27. Qc4 Nh4 28. Bd2 Kb7 29. Ba5 Qd4 30. Rac1 Rd5 31. Qxd4 Rxd4 32. Rce1 Ra4 33. Bc3 Ng2 34. Ra1 Rxe4 0-1

[Event "HUN-chT2 Barcza 1112 "]
[Site "Hungary"]
[Date "2012.02.19"]
[Round "6"]
[White "Uzonyi, David"]
[Black "Belteczky, Marton"]
[Result "1/2-1/2"]
[WhiteElo "2035"]
[BlackElo "2019"]
[PlyCount "70"]
[EventDate "2011.09.25"]
[EventType "team-tourn"]
[EventRounds "11"]
[EventCountry "HUN"]
[SourceTitle "EXT 2013"]
[Source "ChessBase"]
[SourceDate "2012.11.22"]
[SourceVersion "1"]
[SourceVersionDate "2012.11.22"]
[SourceQuality "1"]
[WhiteTeam "Hajduboszormeny"]
[BlackTeam "Piremon"]
[WhiteTeamCountry "HUN"]
[BlackTeamCountry "HUN"]

1. e4 d6 2. d4 g6 3. Nc3 Bg7 4. Bg5 Nf6 5. e5 Nfd7 6. f4 Nb6 7. Nf3 0-0 8. Bd3 Qe8 9. Qd2 Nc6 10. a3 Bg4 11. Qe3 f6 12. Bh4 Bxf3 13. gxf3 fxe5 14. dxe5 dxe5 15. Nb5 Rc8 16. f5 gxf5 17. Rg1 Qh5 18. Bg5 Kh8 19. 0-0-0 Nd5 20. Qc5 e6 21. c4 Nf4 22. Bxf4 exf4 23. Be4 Rg8 24. Bxc6 bxc6 25. Nd4 Rce8 26. h3 e5 27. Nxc6 Qxf3 28. Ne7 Rgf8 29. Rxg7 Kxg7 30. Qxe5+ Kh6 31. Nxf5+ Rxf5 32. Qxf5 Qe3+ 33. Rd2 Qe1+ 34. Rd1 Qe3+ 35. Rd2 Qe1+ 1/2-1/2

[Event "HUN-chT2 Barcza 1112 "]
[Site "Hungary"]
[Date "2011.10.30"]
[Round "2"]
[White "Magi, Tibor"]
[Black "Uzonyi, David"]
[Result "1-0"]
[WhiteElo "1929"]
[BlackElo "2035"]
[PlyCount "59"]
[EventDate "2011.09.25"]
[EventType "team-tourn"]
[EventRounds "11"]
[EventCountry "HUN"]
[SourceTitle "EXT 2013"]
[Source "ChessBase"]
[SourceDate "2012.11.22"]
[SourceVersion "1"]
[SourceVersionDate "2012.11.22"]
[SourceQuality "1"]
[WhiteTeam "Nadudvar"]
[BlackTeam "Hajduboszormeny"]
[WhiteTeamCountry "HUN"]
[BlackTeamCountry "HUN"]

1. d4 b6 2. e4 Bb7 3. Bd3 e6 4. c4 d6 5. Nc3 g6 6. Nf3 Bg7 7. 0-0 Ne7 8. a3 0-0 9. Be3 h6 10. Qd2 Kh7 11. Ne2 Nd7 12. Rac1 e5 13. Qc2 f5 14. d5 f4 15. Bd2 g5 16. g3 Ng6 17. g4 Nf6 18. h3 Bc8 19. Nh2 f3 20. Ng3 Nf4 21. Bxf4 gxf4 22. Nf5 Nxg4 23. hxg4 h5 24. Kh1 hxg4 25. Rg1 Bxf5 26. exf5 Bf6 27. Rxg4 Qe8 28. Rcg1 Qh5 29. Qd1 Rg8 30. Qxf3 1-0

[Event "HUN-chT2 Barcza 1011"]
[Site "Hungary"]
[Date "2011.04.17"]
[Round "9.8"]
[White "Neuberger, Attila"]
[Black "Uzonyi, David"]
[Result "0-1"]
[WhiteElo "2018"]
[BlackElo "2035"]
[PlyCount "72"]
[EventDate "2010.09.12"]
[EventType "team-tourn"]
[EventRounds "11"]
[EventCountry "HUN"]
[SourceTitle "EXT 2012"]
[Source "ChessBase"]
[SourceDate "2011.11.24"]
[SourceVersion "1"]
[SourceVersionDate "2011.11.24"]
[SourceQuality "1"]
[WhiteTeam "Kazincbarcika"]
[BlackTeam "Hajduboszormeny"]
[WhiteTeamCountry "HUN"]
[BlackTeamCountry "HUN"]

1. c4 b6 2. Nc3 Bb7 3. e4 e6 4. d4 Bb4 5. Bd3 f5 6. d5 fxe4 7. Bxe4 Nf6 8. Bg5 Bxc3+ 9. bxc3 0-0 10. Ne2 Qe8 11. Bxf6 Rxf6 12. Qd3 Rh6 13. 0-0 Na6 14. f3 Nc5 15. Qc2 Qh5 16. h3 Re8 17. Rad1 Nxe4 18. fxe4 Qg5 19. Rf3 Rf6 20. Rdf1 Ref8 21. Rxf6 Rxf6 22. Rxf6 gxf6 23. Qa4 Qe3+ 24. Kf1 Qxe4 25. Qxd7 exd5 26. Qd8+ Kf7 27. Qxc7+ Qe7 28. Qxe7+ Kxe7 29. cxd5 Bxd5 30. Nd4 Bxa2 31. Nc6+ Kd7 32. Nxa7 Bc4+ 33. Kf2 Kc7 34. g4 Kb7 35. Ke3 Kxa7 36. Kd4 Be6 0-1